Normal view
MARC view
Entry Personal Name
001 - CONTROL NUMBER
- control field: 82155
003 - CONTROL NUMBER IDENTIFIER
- control field: dpl
005 - DATE AND TIME OF LATEST TRANSACTION
- control field: 20250619150833.0
008 - FIXED-LENGTH DATA ELEMENTS
- fixed length control field: 250619|| aca||aabn | a|a d
040 ## - CATALOGING SOURCE
- Original cataloging agency: dpl
- Transcribing agency: dpl
100 ## - HEADING--PERSONAL NAME
- Personal name: Jeena, Chitra
670 ## - SOURCE DATA FOUND
- Source citation: Work cat.: (dpl)207624: Jeena, Chitra, Pioneer NDA/NA National Defence Academy & Naval Academy Entrance Examination 2023-24/, 2023
